| 000 | 00696nam a2200229 i 4500 | ||
|---|---|---|---|
| 003 | DO-SdBNP | ||
| 005 | 20240909143903.0 | ||
| 007 | ta | ||
| 008 | 240909s2009 dr c 000 j spa d | ||
| 040 |
_aDO-SdBNP _bspa _cBNPHU _erda |
||
| 082 |
_bC352e _222 |
||
| 100 |
_aCastillo Pichardo, José del, _d1947- _955447 _eautor |
||
| 245 | 1 | 0 |
_aExpedición de Luperón / _cJosé del Castillo Pichardo |
| 264 | 1 |
_aSanto Domingo : _bDiario Libre, _c2009. |
|
| 300 |
_a17 páginas, _bretratos _c21 cm. |
||
| 336 |
_2rdacontent _atexto _btxt |
||
| 337 |
_2rdamedia _asin mediación _bn |
||
| 338 |
_2rdacarrier _avolumen _bnc |
||
| 590 | _aInventariado, 2024/ YL | ||
| 910 | _aYLockward | ||
| 942 |
_2ddc _cLF2 |
||
| 999 |
_c57656 _d57656 |
||